Music Quiz

Random Music or Album Quiz
Score 0/50 Timer 06:00
1 Play Today
Album (Year) Artist % Correct
Imagine (1971)John Lennon
88.5%
Californication (1999)Red Hot Chili Peppers
86.3%
Bad (1987)Michael Jackson
86.1%
Nevermind (1991)Nirvana
82%
Rumours (1977)Fleetwood Mac
77.5%
Revolver (1966)The Beatles
75.9%
Tommy (1969)The Who
75.7%
Dookie (1994)Green Day
72.9%
Desperado (1973)Eagles
67.9%
Graceland (1986)Paul Simon
67.2%
Paranoid (1970)Black Sabbath
62.2%
Synchronicity (1983)The Police
60.7%
Waterloo (1974)ABBA
60.6%
Rio (1982)Duran Duran
60.1%
Ten (1991)Pearl Jam
56.2%
Slowhand (1977)Eric Clapton
55.2%
Moondance (1970)Van Morrison
54.9%
Elephant (2003)The White Stripes
53.2%
Parachutes (2000)Coldplay
51.4%
Zooropa (1993)U2
49.3%
Music (2000)Madonna
47.5%
Animals (1977)Pink Floyd
46.9%
Nebraska (1982)Bruce Springsteen
45.1%
Pyromania (1983)Def Leppard
44.4%
Abacab (1981)Genesis
43.2%
Album (Year) Artist % Correct
Aja (1977)Steely Dan
38.7%
Monster (1994)R.E.M.
38.6%
Autobahn (1974)Kraftwerk
37.9%
Parklife (1994)blur
37.8%
Toxicity (2001)System of a Down
35.7%
Pump (1989)Aerosmith
35.5%
Amnesiac (2001)Radiohead
33.9%
Load (1996)Metallica
33.7%
Relapse (2009)Eminem
31.5%
Kick (1987)INXS
31.2%
Transformer (1972)Lou Reed
27.3%
Absolution (2003)Muse
26.1%
Afterburner (1985)ZZ Top
25.8%
Lovesexy (1988)Prince
24.8%
Aftermath (1966)The Rolling Stones
24.5%
Innuendo (1991)Queen
24%
Presence (1976)Led Zeppelin
23.7%
Low (1977)David Bowie
23.3%
Caribou (1974)Elton John
17.9%
Powerslave (1984)Iron Maiden
17.9%
Desire (1978)Bob Dylan
16.5%
Communique (1979)Dire Straits
15.5%
Loud (2010)Rihanna
10.8%
Velociraptor (2011)Kasabian
8.7%
Wired (1976)Jeff Beck
5.2%
Remove Ads.
Support Sporcle.
Get the best of Sporcle when you Go Orange. This ad-free experience offers more features, more stats, and more fun while also helping to support Sporcle. Thank you for becoming a member.

You're not logged in!

Compare scores with friends on all Sporcle quizzes.
OR
Log In

Sporcle TV

Today on Sporcle TV


Watch our educational content, quiz creation guides, and fun videos on Sporcle TV.

Show Comments

Extras

Top Quizzes Today


Score Distribution

Paid Content

Your Account Isn't Verified!

In order to create a playlist on Sporcle, you need to verify the email address you used during registration. Go to your Sporcle Settings to finish the process.

Report this User

Report this user for behavior that violates our Community Guidelines.

Details: